| 000 | 00809 a2200229 4500 | ||
|---|---|---|---|
| 001 | 55416 | ||
| 005 | 20260407155828.0 | ||
| 008 | 260407a1972 arg spa d | ||
| 003 | AR-UNSa-BCEJYS | ||
| 040 |
_aAR-UNSa-BCEJYS _bspa _cAR-UNSa-BCEJYS |
||
| 080 |
_a316.6 _xPsicología Social |
||
| 245 | 1 | 0 | _aEros y civilización |
| 250 | _a8a. ed. | ||
| 264 | 1 |
_aBarcelona : _bSeix Barral _c1972 |
|
| 300 |
_a253 p. _c19 cm. |
||
| 505 | _a1. La tendencia oculta del psicoanálisis - 2. El origen del individuo reprimido (Ontogénesis) - 3. El oriden del a civilización represiva (Filogénesis) - 4. La dialéctica de la civilización - 5. Interludio filosófico | ||
| 041 | _aspa | ||
| 942 | _cBK | ||
| 590 | _aniveau_biblio:m niveau_hierar:0 | ||
| 100 | 1 | _aMarcuse, Herbert | |
| 700 | 1 | _aGarcía Ponce, Juan | |
| 999 |
_c5949 _d5949 |
||